00533 a2200109 450000500170000002000180001708200160003524502260005126000580027730000710033570000170040620250314170553.0 a1 85339 016 X a338.642 LEV aMicroenterprises in Developing Countries: Paper and Proceedings of an International Conferences Held in Washington, D.C., USA, 6-9 June 1988, Sponsored by the Committee of Donor Agencies for Small Enterprise Development. aLondon,bIntermediate Technology publications,c1989. axxxviii,274p.: ill.; figure, tablebBibliography, Referencesc22cm aLEVITSKY, J.